Score 0/15 Timer 00:15
2 Plays Today
% Correct
John F. Kennedy
79.7%
George Washington
79.2%
George H. W. Bush
79.1%
Barack Obama
78.8%
Abraham Lincoln
78.6%
Theodore Roosevelt
78.3%
Ronald Reagan
77.8%
Richard Nixon
77%
% Correct
Thomas Jefferson
76.7%
Jimmy Carter
76%
Lyndon B. Johnson
75.5%
Woodrow Wilson
73.9%
John Adams
72%
James Madison
71.2%
James Monroe
67.7%
Remove Ads.
Support Sporcle.
Get the best of Sporcle when you Go Orange. This ad-free experience offers more features, more stats, and more fun while also helping to support Sporcle. Thank you for becoming a member.

You're not logged in!

Compare scores with friends on all Sporcle quizzes.
OR
Log In

Show Comments

Extras

Top Quizzes Today


Score Distribution

Your Account Isn't Verified!

In order to create a playlist on Sporcle, you need to verify the email address you used during registration. Go to your Sporcle Settings to finish the process.

Report this User

Report this user for behavior that violates our Community Guidelines.

Details: